000 00661cam a22002411 4500
001 BD-DhSAU 7145
003 BD-DhSAU
005 20150517174758.0
008 750514s1967 enka b 001 0 eng
040 _aBD-DhSAU
082 _222
_a331.1
_bKEG
100 1 _aKeynes, John Maynard
_d1883-1946.
245 1 4 _aThe general theory of employment, interest, and money /
_cJohn Maynard Keynes
260 _aLondon :
_bMacmillan ,
_cc1967.
300 _axii, 403 p. :
_c21 cm.
_bill. ;
490 0 _aA Harbinger book
504 _aIncludes index.
590 _aJerin
650 0 _aEconomics.
650 0 _aMoney.
650 0 _aInterest.
942 _2ddc
_cBOOK
999 _c7145
_d7145